All ONE PIECE Characters - up to Punk Hazard - Statistics

General Stats
  • This quiz has been taken 47 times
    32 since last reset
  • The average score is 198 of 1005
Answer Stats
Category Hint Answer % Correct
Straw Hat Pirates Captain Monkey D. Luffy
96%
Super Rookies/Supernovas - The Worst Generation Straw Hat Pirates Monkey D. Luffy
96%
Dadan Family ASL - Garp's Grandson Monkey D. Luffy
96%
Straw Hat Pirates Navigator Nami
96%
Joke Characters Ryugu Kingdom; Luffy's Drawing Nami Fish-Woman
96%
Straw Hat Pirates Combatant & Master Swordsman Roronoa Zoro
96%
Super Rookies/Supernovas - The Worst Generation Straw Hat Pirates Roronoa Zoro
96%
Straw Hat Pirates 1st Ship Going Merry
92%
Straw Hat Pirates Cook Sanji
92%
Straw Hat Pirates 2nd Ship Thousand Sunny
92%
Straw Hat Pirates Doctor Tony Tony Chopper
92%
Straw Hat Pirates Musician Brook
88%
Straw Hat Pirates Shipwright Franky (Cutty Flam)
88%
Water 7 - Franky Family Former Leader Franky (Cutty Flam)
88%
Straw Hat Pirates Archaeologist Nico Robin
88%
Ohara Archaeologist Nico Robin
88%
Baroque Works - Administration Joins the Straw Hat Pirates Nico Robin "Miss All Sunday"
88%
Straw Hat Pirates Sniper Usopp
88%
Straw Hat Pirates Helmsman Jinbe
83%
The Seven Warlords of the Sea Resigned; First Son of the Sea Jinbe
83%
Roger Pirates Captain Gol D. Roger
75%
Straw Hat Pirates Former Member Nefertari Vivi
75%
Alabasta Kingdom - Royalty Alabasta - Royalty Nefertari Vivi
75%
Baroque Works - Frontier Agents Reverse Mountain Nefertari Vivi "Miss Wednesday"
75%
Red Hair Pirates Chief Shanks
75%
The Four Emperors Youngest Emperor Shanks
75%
Syrup Village Butler Merry
71%
Skypiea - Animals Cloud Fox Su (Suu)
71%
Roger Pirates Doctor; Twin Capes Crocus
67%
Alvida Pirates Captain Alvida
63%
Buggy Pirates Pirate Alliance Alvida
63%
Roger Pirates First Mate Silvers Rayleigh
63%
Buggy Pirates Captain Buggy
58%
The Seven Warlords of the Sea The Genius Jester Buggy
58%
Red Hair Pirates Senior Officer; Sniper Yasopp
58%
The Seven Warlords of the Sea Membership Revoked; The Desert King Crocodile
54%
Baroque Works - Administration Former Warlord Crocodile "Mr. 0"
54%
Straw Hat Pirates Former Pet Karoo
54%
Alabasta Kingdom - Super Spot-Billed Duck Troops Captain Karoo
54%
Arlong Pirates Captain Arlong
50%
Baroque Works - Officer Agents Alabasta Babe "Mr. 4"
50%
Red Hair Pirates Senior Officer; First Mate Benn Beckman
50%
Baroque Works - Officer Agents Alabasta Bentham "Mr. 2 Bon Kurei"
50%
Baroque Works - Officer Agents Alabasta Daz Bonez "Mr. 1"
50%
Buggy Pirates Impel Down Recruit Galdino
50%
Baroque Works - Officer Agents Little Garden Galdino "Mr. 3"
50%
Baroque Works - Officer Agents Whisky Peak Gem "Mr. 5"
50%
Thriller Bark - General Zombies Drunkard John
50%
Marine Master Chief Petty Officers East Blue 153rd Branch; Aspires to be an Admiral Koby (Coby)
50%
Red Hair Pirates Senior Officer; Cook Lucky Roux (Lucky Roo)
50%
Baroque Works - Frontier Agents Alubarna Clock Tower Mr. 7
50%
Marine Vice Admirals Loguetown - Relentless Hunter Smoker
50%
Baroque Works - Frontier Agents Deceased; SBS The Previous "Mr. 7"
50%
Baratie - Staff Head Chef Zeff
50%
Arlong Pirates Officer; Sniper Chew (Choo/Chu)
46%
Krieg Pirates Captain Don Krieg
46%
MONSTERS Used the Dragon Horn D.R.
46%
Super Rookies/Supernovas - The Worst Generation Kid Pirates Eustass Kid
46%
Kid Pirates Captain Eustass Kid
46%
Red Hair Pirates Senior Officer Gab (Gabu)
46%
Alabasta Kingdom - Alubarna Palace Staff Captain of the Royal Guard Igaram
46%
Baroque Works - Frontier Agents Whisky Peak Igaram "Mr. 8/Igarappoi"
46%
Bounty Hunters Baratie; Cocoyasi Village Johnny
46%
Rumbar Pirates Twin Capes; Island Whale Laboon
46%
Marine Vice Admirals Hero of the Marines Monkey D. Garp
46%
Baroque Works - Frontier Agents SBS Mr. 6
46%
Baroque Works - Frontier Agents Whisky Peak Mr. 9
46%
Super Rookies/Supernovas - Previous Generation Spade Pirates Portgas D. Ace
46%
Whitebeard Pirates - Leadership 2nd Division Commander Portgas D. Ace
46%
Dadan Family ASL - Gol D. Roger's Son Portgas D. Ace
46%
Roger Pirates Navigator Scopper Gaban
46%
Bounty Hunters Baratie; Cocoyasi Village Yosaku
46%
Revolutionary Army Commander Bartholomew Kuma
42%
The Seven Warlords of the Sea The Tyrant Bartholomew Kuma
42%
Super Rookies/Supernovas - The Worst Generation Hawkins Pirates Basil Hawkins
42%
Hawkins Pirates Captain Basil Hawkins
42%
Cocoyasi Village Brave Mother Bell-mère
42%
Buggy Pirates Chief of Staff Cabaji
42%
Brownbeard Pirates Captain Chadros Higelyges "Brownbeard" (Browndros Beardriguez)
42%
Orange Town Pet Shop Guard Chouchou (Shushu)
42%
Fake Straw Hat Crew Luffy Demalo Black
42%
Alabasta Kingdom - Alubarna Palace Staff Palace Medic Dr. Ho (Dr. Ooh)
42%
Baroque Works - Officer Agents Alabasta Drophy "Miss Merry Christmas"
42%
Rosy Life Riders Leader Duval
42%
Whitebeard Pirates - Leadership Captain Edward Newgate "Whitebeard"
42%
The Four Emperors Former Emperor Edward Newgate "Whitebeard"
42%
God's Army Kami Enel (Eneru)
42%
Foxy Pirates Captain Foxy
42%
Marine Chief Petty Officers East Blue 153rd Branch; Bad Haircut Helmeppo
42%
Foosha Village Citizen Makino's Child
42%
Super Rookies/Supernovas - The Worst Generation Bonney Pirates Jewelry Bonney
42%
Bonney Pirates Captain Jewelry Bonney
42%
Syrup Village Aspiring Doctor Kaya
42%
Super Rookies/Supernovas - The Worst Generation Kid Pirates Killer
42%
Kid Pirates Combatant Killer
42%
Kouzuki Family Tiny Pink Dragon Boy Kouzuki Momonosuke
42%
Black Cat Pirates Captain Kuro
42%
Foosha Village Partys Bar Proprietor Makino
42%
Blackbeard Pirates Admiral Marshall D. Teach (Teech) "Blackbeard"
42%
The Worst Generation Blackbeard Pirates Marshall D. Teach (Teech) "Blackbeard"
42%
The Four Emperors Chaotic Emperor Marshall D. Teach (Teech) "Blackbeard"
42%
The Seven Warlords of the Sea Resigned; Blackbeard Marshall D. Teach (Teech) "Blackbeard"
42%
Baroque Works - Officer Agents Whisky Peak Mikita "Miss Valentine"
42%
Buggy Pirates First Mate Mohji
42%
Revolutionary Army Supreme Commander Monkey D. Dragon
42%
Baratie - Staff Pâtissier Patty
42%
Buggy Pirates Animal Companion Richie
42%
CP9 Assassins - Leopard Rob Lucci
42%
Marine Captains Loguetown; Sword Collector Tashigi
42%
Water 7 Legendary Shipwright Tom
42%
Super Rookies/Supernovas - The Worst Generation Heart Pirates Trafalgar Law
42%
Heart Pirates Captain Trafalgar Law
42%
The Seven Warlords of the Sea The Surgeon of Death Trafalgar Law
42%
Bliking Pirates Captain Wapol
42%
Evil Black Drum Kingdom King Wapol
42%
Foosha Village Mayor Woop Slap
42%
Super Rookies/Supernovas - The Worst Generation Drake Pirates X Drake
42%
Drake Pirates Captain X Drake
42%
Bellamy Pirates Captain Bellamy
38%
Heart Pirates Navigator Bepo
38%
Kuja Empresses Gorgon Sisters Boa Hancock
38%
The Seven Warlords of the Sea The Pirate Empress Boa Hancock
38%
Ryugu Kingdom - Mermaid Café Hachi's Friend Camie
38%
Super Rookies/Supernovas - The Worst Generation Fire Tank Pirates Capone Bege
38%
Fire Tank Pirates Captain Capone Bege
38%
Super Rookies/Supernovas - New Generation Caribou Pirates Caribou
38%
Caribou Pirates Co-Captains Caribou
38%
Big Mom Pirates Captain Charlotte Linlin "Big Mom"
38%
The Four Emperors Hungry Emperor Charlotte Linlin "Big Mom"
38%
Dadan Family Mountain Bandit Boss Curly Dadan
38%
Donquixote Pirates Captain Donquixote Doflamingo
38%
The Seven Warlords of the Sea The Heavenly Demon Donquixote Doflamingo
38%
Giant Warrior Pirates Co-Captains Dorry
38%
Kuraigana Island Resident Dracule Mihawk
38%
The Seven Warlords of the Sea World's Strongest Swordsman Dracule Mihawk
38%
Sakura Kingdom Doctor Dr. Kureha "Doctorine"
38%
Thriller Bark - Mysterious Four Thriller Bark Pirates - Captain Gecko Moria
38%
The Seven Warlords of the Sea Membership Revoked; Ruler of Shadows Gecko Moria
38%
Cocoyasi Village Sheriff Genzo
38%
Kuja Pirates Animal Companions Marigold's Hawk
38%
High-ranking Marines Pet Sengoku's Goat
38%
Black Cat Pirates Hypnotist; First Mate Jango (Django)
38%
Marine Lieutenant Commanders Mirror Ball Island Jango (Django)
38%
Heart Pirates Former Slave Jean Bart
38%
CP9 Assassins - Hair Kumadori
38%
Whitebeard Pirates - Leadership 1st Division Commander Marco
38%
Baroque Works - The Unluckies Vulture Miss Friday
38%
Baroque Works - Frontier Agents Whisky Peak Miss Monday
38%
Marine Vice Admirals Buster Call; Escorted Boa Hancock Momonga
38%
Red Hair Pirates Senior Officer; Musician Monster
38%
Baroque Works - Frontier Agents SBS Mr. 10
38%
Cocoyasi Village Mikan Farmer Nojiko
38%
Heart Pirates Duo Penguin
38%
Super Rookies/Supernovas - The Worst Generation On Air Pirates Scratchmen Apoo
38%
On Air Pirates Captain Scratchmen Apoo
38%
High-ranking Marines Marine Inspector General; Former Fleet Admiral Sengoku
38%
Syrup Village Usopp Pirates Tamanegi (Onion)
38%
Super Rookies/Supernovas - The Worst Generation Fallen Monk Pirates Urouge
38%
Fallen Monk Pirates High Priest Urouge
38%
CP9 Assassins - Door Blueno
33%
Red Hair Pirates Senior Officer; Musician Bonk Punch
33%
Giant Warrior Pirates Co-Captains Brogy (Broggy)
33%
Lulusia Kingdom Doctor Dr. Kurotsuru (Dr. Black Beard)
33%
Revolutionary Army Commander -G Army Emporio Ivankov "Iva"
33%
CP9 Assassins - Mouth Fukurou (Fukurô)
33%
Marine Lieutenant Commanders Baratie; Misidentified a Wine Fullbody
33%
Island of Rare Animals Guardian of the Island Gaimon
33%
Krieg Pirates Combat Commander Gin (Ghin)
33%
Arlong Pirates Officer Hatchan "Hachi"
33%
Ryugu Kingdom - Citizens Takoyaki 8 Chef Hatchan "Hachi"
33%
CP9 - Animal Companions Pet Pigeon Hattori
33%
Water 7 - Galley-La Company President Iceburg (Iceberg)
33%
CP9 Assassins - Giraffe Kaku
33%
CP9 Assassins - Soap Kalifa
33%
Arlong Pirates Officer Kuroobi
33%
Former Marines Former Marine Admiral Kuzan "Aokiji"
33%
Blackbeard Pirates Ten Titanic Captains - Navigator & Chief of Staff Laffitte (Lafitte)
33%
Baroque Works - Officer Agents Little Garden Marianne "Miss Goldenweek"
33%
Baroque Works - Frontier Agents SBS Miss Saturday
33%
Baroque Works - Frontier Agents SBS Miss Thursday
33%
Baroque Works - Frontier Agents SBS Miss Tuesday
33%
Alabasta Kingdom - Royalty Alabasta - Royalty Nefertari Cobra
33%
Ryugu Kingdom - Royalty King Neptune
33%
Syrup Village Usopp Pirates Ninjin (Carrot)
33%
Thriller Bark - Special Zombies Luffy's Shadow Oars (#900)
33%
Joke Characters Hidden Wrestler Pandaman
33%
Syrup Village Usopp Pirates Piiman (Pepper)
33%
Ohara Ohara Library, Director Professor Clover
33%
Dadan Family ASL - Former Noble Child Sabo
33%
Sabaody Archipelago Rip-off Bar Owner Shakuyaku "Shakky"
33%
Shimotsuki Village Trainee Swordsman Shimotsuki Kuina
33%
CP9 Chief Spandam
33%
Whitebeard Pirates - Leadership 4th Division Commander Thatch
33%
Marine Vice Admirals Great Staff Officer Tsuru
33%
Baroque Works - Officer Agents Alabasta Zala "Miss Doublefinger/Paula"
33%
Thriller Bark - Mysterious Four Thriller Bark Pirates - Zombies' Commander Absalom
29%
Shandia Tribe Villager Aisa
29%
Bluejam Pirates Captain Bluejam
29%
Kuja Pirates Gorgon Sisters Boa Marigold
29%
Kuja Pirates Gorgon Sisters Boa Sandersonia
29%
Orange Town Mayor Boodle
29%
Punk Hazard - Staff Mad Scientist Caesar Clown
29%
Baratie - Staff Charcutier Carne
29%
Rolling Pirates Captain Charlotte Lola
29%
Enies Lobby Three-Headed Judges Chief Justice Bas
29%
Marine Vice Admirals Dog-type Zoan Fruit Dalmatian (Dalmation)
29%
Sakura Kingdom King Dalton
29%
Blackbeard Pirates Ten Titanic Captains - Doctor Doc Q
29%
Sakura Kingdom Doctor Dr. Hiriluk
29%
Thriller Bark - Mysterious Four Thriller Bark Pirates - Doctor Dr. Hogback
29%
ONE PIECE Series Author Eiichiro Oda
29%
Sun Pirates Former Captain Fisher Tiger
29%
Ryugu Kingdom - Royalty Prince Brothers Fukaboshi
29%
CP9 - Animal Companions Pet Elephant Funkfreed
29%
Kuja Empresses Former Kuja Empress Gloriosa "Elder Nyon"
29%
Impel Down - Staff Chief Warden Hannyabal
29%
Sakura Kingdom - Animals Drum Rockies - Bows Hiking Bear
29%
Whitebeard Pirates - Leadership 16th Division Commander Izou (Izo)
29%
CP9 Assassins - Wolf Jabra
29%
Blackbeard Pirates Ten Titanic Captains - Helmsman Jesus Burgess
29%
Whitebeard Pirates - Leadership 3rd Division Commander Jozu
29%
Kouzuki Family Samurai Kin'emon
29%
Water 7 - Sea Train Shift Station Stationmaster Kokoro
29%
Thriller Bark - Wild Zombies Warthog Lola
29%
Impel Down - Staff Vice Warden Magellan
29%
Sabaody Archipelago Mermaid Slave Marin
29%
Baroque Works - Frontier Agents Alubarna Clock Tower Miss Father's Day
29%
Baroque Works - Frontier Agents SBS Miss Mother's Day
29%
Arlong Pirates Sea Beast Momoo
29%
Caribou Pirates Draught Animal; Sea Beast Momoo
29%
Donquixote Pirates Officers Monet
29%
Baroque Works - Frontier Agents Captured by Marines Mr. 11
29%
Baroque Works - Frontier Agents SBS Mr. 12
29%
Baroque Works - The Unluckies Otter Mr. 13
29%
Ohara Archaeologist Nico Olvia
29%
Ryugu Kingdom - Royalty Queen Otohime
29%
Water 7 - Galley-La Company Vice President Paulie
29%
Alabasta Kingdom - Alubarna Palace Staff Commander of the Royal Guard Pell
29%
Thriller Bark - Mysterious Four Thriller Bark Pirates - Zombies' Commander Perona
29%
Marines - Other Personnel Shells Town; Marine Waitress Rika
29%
Celestial Dragons Sabaody Archipelago Visitor Saint Charlos
29%
Thriller Bark - General Zombies Brook's Shadow Shimotsuki Ryuma
29%
MONSTERS God of the Blade Shimotsuki Ryuma
29%
Ryugu Kingdom - Royalty Princess Shirahoshi
29%
CP9 - Previous Generation Former Chief Spandine
29%
Blackbeard Pirates Animal Companion Stronger
29%
Flying Pirates First Captain of the Flying Dutchman Vander Decken
29%
Flying Pirates Current Captain Vander Decken IX
29%
Donquixote Pirates Elite Officer Corazon Vergo
29%
Whitebeard Pirates - Leadership 5th Division Commander Vista
29%
Sun Pirates Doctor; First Mate Aladine
25%
Whitebeard Pirates - Major Subordinate Captains Two Letters A O
25%
Blackbeard Pirates Ten Titanic Captains - Former Impel Down Prisoner Avalo Pizarro
25%
Baroque Works - Animal Companions Tortoise Banchi (Bunchi)
25%
Syrup Village Citizen Banchina (Bankina)
25%
High-ranking Marines Marine Admiral Borsalino "Kizaru"
25%
Black Cat Pirates Nyaban Brothers Buchi (Butchie)
25%
Red Hair Pirates Senior Officer; Navigator Building Snake
25%
Candy Pirates Captain Candy
25%
Blackbeard Pirates Ten Titanic Captains - Former Impel Down Prisoner Catarina Devon
25%
Big Mom Pirates Charlotte Family, 35th Daughter Charlotte Pudding
25%
Bliking Pirates Former Head of Staff/Minister of Defense Chess
25%
Water 7 - Sea Train Station Granddaughter Chimney
25%
The Moon Karakuri Automata Colonel Macro
25%
Skypiea Angel Island; Harpist Conis
25%
Impel Down - Staff Head Jailer Domino
25%
Skypiea Ruler ("God") Gan Fall (Ganfor)
25%
Gyro Pirates Captain Gyro
25%
Kid Pirates Fire Heat
25%
Marine Rear Admirals Black Cage Corps Hina
25%
New Fish-Man Pirates Captain; Great White Hody Jones (Hordy Jones)
25%
Former Marines Former Marine Vice Admiral; Giant Jaguar D. Saul
25%
Ancient Shandians Warrior Kalgara (Calgara)
25%
Water 7 - Franky Family Square Sisters Kiwi
25%
Foolshout Island Former Slave Girl Koala
25%
Red Hair Pirates Senior Officer Limejuice
25%
Sea Kings Foosha Village Lord of the Coast
25%
Macro Pirates Captain Macro
25%
Kuja Pirates Luffy's Friend Marguerite
25%
Ryugu Kingdom - Citizens Famous Singer Maria Napole
25%
Alabasta Kingdom - Super Spot-Billed Duck Troops Recruit Matsuge (Lashes)
25%
Alabasta Kingdom - Animals Yasa Camel Matsuge (Lashes)
25%
Ryugu Kingdom - Ryugu Palace Animal Companion Megalo
25%
Impel Down - Animal Guards Jailer Beasts Minokoala
25%
Impel Down - Animal Guards Jailer Beasts Minorhinoceros
25%
Lvneel Kingdom Admiral, Explorer, Botanist Mont Blanc Noland
25%
Former Marines Former Marine Captain; East Blue 153rd Branch Morgan
25%
Shandia Tribe Giant Snake "God" Nola
25%
God's Army Priest/Vassal of Iron Ohm
25%
Joke Characters Hidden Female Counterpart Pandawomanmi
25%
Ryugu Kingdom - Citizens Criminal Brand; Fashion Designer Pappag (Pappagu)
25%
Water 7 - Galley-La Company Foreman; Bed Hair Peepley Lulu
25%
Punk Hazard - Staff Assassins; Yeti Cool Brothers Rock
25%
Red Hair Pirates Messenger to Whitebeard Rockstar
25%
Roshio Pirates Captain Roshio
25%
Impel Down - Staff Chief Guard Sadi (Sadie)
25%
High-ranking Marines Marine Fleet Admiral Sakazuki "Akainu"
25%
Impel Down - Staff Chief Guard Saldeath
25%
Blackbeard Pirates Ten Titanic Captains - Former Impel Down Prisoner Sanjuan Wolf
25%
God's Army Priest/Vassal of Balls Satori
25%
Heart Pirates Duo Shachi
25%
Black Cat Pirates Nyaban Brothers Sham (Siam)
25%
Golden Lion Pirates Admiral & Helmsman Shiki
25%
Blackbeard Pirates Ten Titanic Captains - Former Impel Down Jailer Shiryu (Shiliew)
25%
Marine Captains Buster Call; Rust Shu
25%
Punk Hazard - Other H2S Shinokuni Gas Experiment Smiley
25%
Water 7 - Franky Family King Bulls Sodom (Sodomu)
25%
Roger Pirates Crewmember Sunbell (Sambel)
25%
The Three Great Powers The World Government's Primary Military Force The Marines
25%
Water 7 - Galley-La Company Pet Mouse Tyrannosaurus
25%
Blackbeard Pirates Ten Titanic Captains - Sniper Van Augur
25%
Blackbeard Pirates Ten Titanic Captains - Former Impel Down Prisoner Vasco Shot
25%
Thriller Bark - Soldier/Surprise Zombies Actress Victoria Cindry (#400)
25%
Kid Pirates Pitchfork Wire
25%
Loguetown Citizen Yu
25%
Skypiea Heaven's Gate Amazon
21%
Big Mom Pirates Knight-ranked Combatant Baron Tamago
21%
Baratie - Visitors Insect Batchee (Bacchy)
21%
Whitebeard Pirates - Leadership 6th Division Commander Blamenco
21%
Former Marines Pet - Super Penguin Camel
21%
Alabasta Kingdom - Alubarna Palace Staff Commander of the Royal Guard Chaka
21%
Fake Straw Hat Crew Nami Chocolat
21%
Super Rookies/Supernovas - New Generation Caribou Pirates Coribou
21%
Caribou Pirates Co-Captains Coribou
21%
Ryugu Kingdom - Citizens Shipwright & Sea Forest Researcher Den
21%
Alabasta Kingdom - Animals Sandora Desert - Poisonous Spider Desert Strawberry
21%
Marine Vice Admirals Buster Call; Told Lucci's Backstory Doberman
21%
Punk Hazard - Other Dragons Dragon Number Thirteen
21%
Punk Hazard - Staff Former Head Scientist Dr. Vegapunk
21%
Jaya - Animals Cardinal Direction Birds Eastern Bird
21%
World Government Highest Authorities in the World Five Elders (Gorosei)
21%
God's Army Priest/Vassal of Swamp Gedatsu (Gedatz)
21%
Ukkari Hot-Spring Island Head Clerk Gedatsu (Gedatz)
21%
Water 7 - Franky Family King Bulls Gomorrah (Gomora)
21%
Water 7 - Sea Train Shift Station "Cat" Gonbe
21%
Foxy Pirates Groggy Monster Hamburg
21%
Red Hair Pirates Senior Officer; Doctor Hongo
21%
Ohara Archaeologist Huck (Hack)
21%
Caribou Pirates Animal Companion Coribou's Iguana
21%
New Fish-Man Pirates Officer; Giant Squid Ikaros Much
21%
Revolutionary Army Deputies - G Army Inazuma
21%
Other Cipher Pol CP6 - Agent from Karate Island Jerry
21%
Legendary Figure Important Ancient Figure Joy Boy
21%
Beasts Pirates Governor-General Kaidou (Kaido)
21%
The Four Emperors Warmonger Emperor Kaidou (Kaido)
21%
Revolutionary Army Commander - N Army Karasu
21%
World Government Commander-in-Chief Kong
21%
Alabasta Kingdom - Rebel Army Alabasta Rebellion Leader Koza
21%
Bliking Pirates Former Magistrate Kuromarimo
21%
Bellamy Pirates Crewmember Lily
21%
Ryugu Kingdom - Royalty Prince Brothers Manboshi (Mamboshi)
21%
Impel Down - Animal Guards Jailer Beasts Minotaurus
21%
Impel Down - Animal Guards Jailer Beasts Minozebra
21%
Saruyama Alliance Leader Mont Blanc Cricket
21%
Water 7 - Franky Family Square Sisters Mozu
21%
Big Mom Pirates Homies Napoleon
21%
Alabasta Kingdom - Royalty Alabasta - Royalty Nefertari Titi
21%
CP9 Assassin-in-Training Nero
21%
Marine Captains East Blue 16th Branch; Conspired With Arlong Nezumi
21%
Jaya - Animals Cardinal Direction Birds North Bird
21%
Skypiea Angel Island; Dial Ship Engineer Pagaya
21%
Krieg Pirates 2nd Unit Commander Pearl
21%
Big Mom Pirates Combatant Pekoms
21%
Foxy Pirates Combatant Porche
21%
Pacifista Sent Away by Kuma PX-1
21%
Pacifista Destoryed by the Straw Hats PX-4
21%
Pacifista Destroyed by Luffy PX-5
21%
Pacifista Destroyed by Zoro & Sanji PX-7
21%
Shells Town Citizen Ririka
21%
Ryugu Kingdom - Royalty Prince Brothers Ryuboshi
21%
Celestial Dragons Sabaody Archipelago Visitor Saint Rosward (Roswald)
21%
Island of Rare Animals Guardian of the Island Sarfunkel
21%
Long Ring Long Land Hooorse Shelly (Sherry)
21%
Jaya - Animals Cardinal Direction Birds South Bird
21%
Marine Vice Admirals Buster Call; Wounded Fisher Tiger Strawberry
21%
Kuja Pirates Speaks Oddly Sweet Pea (Sweetpea)
21%
The Three Great Powers The Hired Privateers of the World Government The Seven Warlords of the Sea (Shichibukai)
21%
Long Ring Long Land Nomads Tonjit
21%
Alabasta Kingdom - Yuba Alabasta - Yuba Toto (Toh-Toh)
21%
Jaya - Animals Cardinal Direction Birds Western Bird
21%
Shandia Tribe God's Guards Wyper
21%
God's Army Divine Soldiers Commander Yama
21%
Water 7 - Sea Train Shift Station Sumo Frog Yokozuna
21%
Rumbar Pirates Captain Yorki
21%
Water 7 - Galley-La Company Secretary Alice
17%
Kuja Pirates Tall Aphelandra
17%
Donquixote Pirates Pica Army Officers Baby 5 (Baby Five)
17%
Marine Vice Admirals Wears a Large Mask Bastille
17%
Loguetown South Blue Fish Species; Purchased by Sanji Blue-Finned Elephant Tuna
17%
Shandia Tribe God's Guards Braham
17%
Skypiea God's Guards (White Berets) Captain McKinley
17%
Bliking Pirates Baku Baku Factory Fusion Chessmarimo
17%
Enies Lobby Three-Headed Judges Chief Justice Kerville
17%
Fake Straw Hat Crew Robbin Cocoa
17%
Slave Traders Other Kidnapping Group Coffee Monkeys
17%
Whitebeard Pirates - Leadership 10th Division Commander Curiel
17%
Cocoyasi Village Orphanage Houseparent Daddy Dee
17%
Punk Hazard - Other Dragons Dragon Number Twenty-One
17%
Hawkins Pirates Magician Faust
17%
Ukkari Hot-Spring Island Manager Goro
17%
Weatheria Weather Scientist Haredas
17%
Whitebeard Pirates - Leadership 12th Division Commander Haruta
17%
Alvida Pirates Triplet Crewmember Heppoko
17%
Boin Archipelago Explorer, Warrior, Botanist Heracles
17%
Thriller Bark - Wild Zombies Vampire Hildon (#21)
17%
God's Army Giant Dog Holy (Holly)
17%
God's Army Divine Soldiers Twin Hotori
17%
Ryugu Kingdom - Medaka Mermaid Quintuplets One Ichika
17%
Loguetown Arms Shop Ipponmatsu (Matsu)
17%
Sakura Kingdom Group of Doctors Isshi-100 (Isshi-20)
17%
Giant Warrior Pirates Crewmember Kashii
17%
Evil Black Drum Kingdom Queen; Miss Universe Kinderella
17%
God's Army Divine Soldiers Twin Kotori
17%
Alabasta Kingdom - Animals Erumalu Coast Kung Fu Dugongs
17%
Whitebeard Pirates - Major Subordinate Captains An Ancient Giant Little Oars Jr.
17%
Ryugu Kingdom - Mermaid Café Proprietor & Former Fortune Teller Madame Shyarly (Sharley/Shirley)
17%
Saruyama Alliance Salvage Masira
17%
Impel Down - Animal Guards Jailer Beasts Minochihuahua
17%
Punk Hazard - Children Gigantification Experiments; Kept Away the Drugs Mocha
17%
Former Foxy Pirates Star Shark Monda
17%
Cocoyasi Village Orphanage Houseparent Mummy Mee (Mameemee)
17%
Sakura Kingdom Resembles a Hiking Bear Negikuma Maria (Maria Onion Bear)
17%
World Economic Journal Post Birds News Coos
17%
Ryugu Kingdom - Medaka Mermaid Quintuplets Two Nika
17%
Giant Warrior Pirates Crewmember Oimo
17%
Alvida Pirates Triplet Crewmember Peppoko
17%
Alvida Pirates Triplet Crewmember Poppoko
17%
Ryugu Kingdom - Royalty Ancient Royalty Poseidon
17%
Shandia Tribe Warrior; Aisa's Aunt Raki (Laki)
17%
Celestial Dragons Fish-Man Island Visitor Saint Donquixote Mjosgard (Donquixote Myosgard)
17%
Kuja Pirates Animal Companions Salome
17%
Joke Characters Cocoyasi Village; Drunkard Sam
17%
Bellamy Pirates First Mate Sarquiss
17%
Beasts Pirates Cyborg Guard Scotch
17%
Punk Hazard - Staff Assassins; Yeti Cool Brothers Scotch
17%
Roger Pirates Crewmember Seagull Guns Nozdon (Seagull Ganz Nozudon)
17%
Marine Captains Buster Call; Wheels Sharinguru (Sharingle)
17%
Shimotsuki Village Dojo Master Shimotsuki Koushirou (Koshiro)
17%
Saruyama Alliance Sonar Shoujou (Shojo)
17%
God's Army Priest/Vassal of String Shura
17%
Punk Hazard - Staff Centaur Patrol Unit, Centaurs Smooge (Smoothy/Smoothie)
17%
Whitebeard Pirates - Leadership 14th Division Commander Speed Jiru (Speed Jil)
17%
Whitebeard Pirates - Major Subordinate Captains Tricked into Betraying Whitebeard Squard
17%
Goa Kingdom Goa Nobles - Adopted Son Sterry (Stelly)
17%
New Fish-Man Pirates Animal Companion Surume
17%
Marine Vice Admirals Fought Zoro on the Sea Train T Bone
17%
Alabasta Kingdom - Alubarna Palace Staff Royal Head Chef Terracotta
17%
Jaya - Mock Town Pub and Pies Owner Terry
17%
Water 7 - Galley-La Company Foreman; Loud Tilestone
17%
Joke Characters Hidden Debt Collector Tomato Gang
17%
Marine Captains Buster Call; Spheres Very Good (Berry Good)
17%
Water 7 - Franky Family Franky's Right-hand Man Zambai
17%
New Fish-Man Pirates Officer; Wobbegong Zeo
17%
Whitebeard Pirates - Leadership 13th Division Commander Atmos
13%
Kuja Pirates Animal Companions Bacura (Bakula)
13%
Whitebeard Pirates - Former Spade Pirates Wields Long Knives in Each Hand Barry
13%
Impel Down - Animal Guards Beast Guards - Chimera Basilisk
13%
Island of Rare Animals Unique Fauna Bear-Tiger
13%
Former Foxy Pirates Groggy Monster Big Pan (Big Bun)
13%
Whitebeard Pirates - Leadership 9th Division Commander Blenheim
13%
Big Mom Pirates Bishop-ranked Combatant Bobbin
13%
Other Marine Officers Garp's Right-hand Man Bogard
13%
Alabasta Kingdom - Super Spot-Billed Duck Troops Drink Bourbon Jr.
13%
Marine Commodores Assigns Bounties Brannew (Brandnew)
13%
Donquixote Pirates Pica Army Officers Buffalo
13%
Former Foxy Pirates Combatant Capote
13%
Thriller Bark - Wild Zombies Three Cerberus (#82)
13%
Alabasta Kingdom - Super Spot-Billed Duck Troops Western Cowboy
13%
Kuja Pirates Distinct Laugh Daisy
13%
New Fish-Man Pirates Officer; Cookiecutter Daruma
13%
Blue Planet Animals; Telecommunications Den Den Mushi (Transponder Snails)
13%
Acumate Pirates Captain Devil Dias
13%
Slave Traders Sabaody Human Auctioning House Disco
13%
Dadan Family Bandit Duo Dogra (Dogura)
13%
Whitebeard Pirates - Major Subordinate Captains His Monkey Has a Gun Doma
13%
Roger Pirates Crewmember Doringo
13%
New Fish-Man Pirates Officer; Hammerhead Dosun
13%
Golden Lion Pirates Scientist Dr. Indigo
13%
The Moon Karakuri Automata First Lieutenant Spacey
13%
Whitebeard Pirates - Leadership 15th Division Commander Fossa
13%
God's Army Three-Length/30ft Bird (Riding Roc) Fuza
13%
Shandia Tribe God's Guards Genbo (Genbou)
13%
Thriller Bark - General Zombies Pistols Gill Bastar
13%
WANTED! Drifting Gunslinger Gill Bastar
13%
Marine Captains Nightmare of Baldimore Incident Gorilla
13%
Macro Pirates Crewmember Gyaro
13%
Loguetown Robecca Hanberg Hanger
13%
Goa Kingdom Bandit Higuma
13%
Alabasta Kingdom - Super Spot-Billed Duck Troops Kasa Hat Hikoichi
13%
Ryugu Kingdom - Ryugu Palace Animal Companion Hoe
13%
New Fish-Man Pirates Officer; Blue-ringed Octopus Hyouzou
13%
Shandia Tribe Villager Isa
13%
Marine Ensigns One Piece Novel A Isuka
13%
Alabasta Kingdom - Super Spot-Billed Duck Troops Horned Helmet Ivan X
13%
Thriller Bark - General Zombies Zoro's Shadow Jigoro (#850)
13%
Marine Vice Admirals Gave a Speech About Justice John Giant
13%
Water 7 Erudite Citizen Kakukaku (Blockhead)
13%
Shandia Tribe God's Guards Kamakiri
13%
Grand Line Fauna Passed by Smoker & Tashigi's Ship Kappa Whale
13%
Alabasta Kingdom - Super Spot-Billed Duck Troops Roman Helmet Kentauros (Centaur)
13%
Whitebeard Pirates - Leadership 11th Division Commander Kingdew
13%
Buggy Pirates Impel Down Recruit Kinoko (Mushroom)
13%
Impel Down - Prisoners Level 5: Freezing Hell Prisoners Kinoko (Mushroom)
13%
Thriller Bark - Wild Zombies Teddy Kumashi (Kumacy)
13%
Sakura Kingdom - Animals Drum Rockies - Territorial Lapahns (Lapins)
13%
Baroque Works - Animal Companions Dachshund Lassoo
13%
Authors Little Garden Louis Arnote
13%
Dadan Family Bandit Duo Magra (Magura)
13%
Alabasta Kingdom - Alubarna Palace Staff Lady's Maid Maidy
13%
Fake Straw Hat Crew Zoro Manjaro
13%
Sabaody Archipelago Nurse Marie
13%
Buggy's Hunt for Captain John's Treasure Miner's Boss Master (Boss)
13%
Sea Kings Long Ring Long Land Master of the Waters
13%
Joke Characters Hidden Outlaw Mikio Itoo
13%
Baroque Works - Millions Agents Whisky Peak Nun Miss Catherina (Katherina)
13%
Lulusia Kingdom Milk Maid Moda
13%
Rosy Life Riders Steed Motobaro (Motobalo)
13%
Fake Straw Hat Crew Sogeking Mounblutain (Mounbleten)
13%
Former Foxy Pirates Boxer Mountain Ricky
13%
Ancient Shandians Daughter Mousse (Musse)
13%
Foosha Village Fishmonger Mrs. Chicken
13%
Whitebeard Pirates - Leadership 8th Division Commander Namur (Namule)
13%
Cactus Island Child of Mr. 9 & Miss Monday Nanday
13%
Thriller Bark - Soldier/Surprise Zombies Trio Nin
13%
Fake Straw Hat Crew Chopper Nora Gitsune (Stray Fox)
13%
Marine Vice Admirals Buster Call; Shot His Own Man Onigumo
13%
Ohara Citizen - Robin's Uncle Oran
13%
Goa Kingdom Goa Nobles - Father Outlook III
13%
Bonney Pirates Former Fishmonger Part (Pert)
13%
Slave Traders Hound Pets Peterman
13%
Former Foxy Pirates Groggy Monster Pickles
13%
Skypiea - Animals Sky Dot Bird Pierre
13%
Arlong Pirates Musician Pisaro
13%
Bluejam Pirates Crewmember Porchemy
13%
Baterilla Mother Portgas D. Rouge
13%
Whitebeard Pirates - Leadership 7th Division Commander Rakuyo
13%
Bliking Pirates White Walkie Robson
13%
Baratie - Visitors Flirt Roxanne
13%
Ryugu Kingdom - Medaka Mermaid Quintuplets Three Sanka
13%
Other Marine Officers Science Unit Captain Sentomaru
13%
The Moon Karakuri Automata Sergeant Cosmo
13%
Punk Hazard - Children Gigantification Experiments Sind (Synd)
13%
Ryugu Kingdom - Mermaid Café Blonde Hair Sora (Sola)
13%
Shells Town Pet Soro (Solo)
13%
Thriller Bark Victim's Association Seriously Injured Old Man Spoil
13%
Marine Vice Admirals Was Puppeteered by Doflamingo Stainless "Kaizeruhige"
13%
New Giant Warrior Pirates Shipwright Stansen
13%
Alabasta Kingdom - Super Spot-Billed Duck Troops Cap Stomp
13%
Impel Down - Staff Guard Sukoshiba Kanishitoru (Loki Clownin)
13%
Roger Pirates Crewmember Taro
13%
The Three Great Powers Unaffiliated, Powerful Pirates The Four Emperors (Yonko)
13%
Fake Straw Hat Crew Franky Turco (Turk)
13%
Flying Pirates Huge Fish-Man Wadatsumi
13%
Other Cipher Pol CP7 - Agent and Chef Wanze
13%
Whitebeard Pirates - Crewmembers Turned Subordinate Captains Captains an Icebreaker Whitey Bay
13%
Marine Vice Admirals Buster Call Yamakaji
13%
Ryugu Kingdom - Medaka Mermaid Quintuplets Four Yonka
13%
Ryugu Kingdom - Medaka Mermaid Quintuplets Fi- …Four Two? Yonka Two
13%
Buggy Pirates Trio Acrobatic Fuwas (Nimble Fuwars)
8%
Ryugu Kingdom - Mermaid Café Curly Hair Adele (Adelle)
8%
Whitebeard Pirates - Former Spade Pirates Gun Arm Aggie 68
8%
Alabasta Kingdom - Other Citizens Bandit Agotogi
8%
Whitebeard Pirates - Minor Subordinate Captains Name Sounds a Bit "Silly" Agsilly (Agushily)
8%
Goa Kingdom Goa Nobles - Other Ahho Desunen IX (Dumas Regal IX)
8%
Goa Kingdom Goa Nobles - Other Ahho Zurako (Dumas Fayes)
8%
Marine Rear Admirals Pursued Impel Down Escapees Akehende (Uweshall Notpass)
8%
Baroque Works - Billions Agents Accompanied Mr. 2 Bon Kurei Akumai
8%
Fake Straw Hat Crew Former Recruit Albion
8%
Punk Hazard - Children Gigantification Experiments Ally
8%
Whitebeard Pirates - Other Subordinate Captains Royal Amadob
8%
Whitebeard Pirates - Crewmembers Turned Subordinate Captains Has a Marine Twin Brother Andre
8%
Loguetown Present at Roger's Execution Anjo
8%
Flying Pirates Animal Companion Ankoro
8%
Sabaody Archipelago Stall Owner Antonio
8%
Impel Down - Prisoners Level 2: Wild Beast Hell Prisoners An Zengaiina (Ratherby Seifer)
8%
Alabasta Kingdom - Alubarna Palace Staff Tsumegeri Guards (Kicking Claw Force) Arrow
8%
Whitebeard Pirates - Minor Subordinate Captains Turban Arthur
8%
Lvneel Kingdom King Aruyutayan V
8%
Shadow Victims Marine Chief Petty Officer Asahija (Heercomes Dasun)
8%
Alabasta Kingdom - Other Citizens Mother Aswa
8%
Whitebeard Pirates - Minor Subordinate Captains Tattoo on Cheek Baggaley (Baggaly)
8%
Other Marine Officers G-5 Branch Bakezo (Bazeko)
8%
Alabasta Kingdom - Animals Crocodilian Bananawani (Banana Gator)
8%
Whitebeard Pirates - Former Spade Pirates Mermaid Banshee
8%
Thriller Bark - Soldier/Surprise Zombies Trio Bao
8%
Alabasta Kingdom - Alubarna Palace Staff Tsumegeri Guards (Kicking Claw Force) Barrel
8%
Sabaody Archipelago Fisherman Beak Remark
8%
Kuja Tribe Doctor Belladonna
8%
Impel Down - Prisoners Other Prisoners Bellett (Beret)
8%
Yes Pirates Captain Billy
8%
Pucci Mayor Bimine
8%
Punk Hazard - Children Gigantification Experiments Biyo (Beeyo)
8%
Whitebeard Pirates - Major Subordinate Captains Metal Mouth Bizarre
8%
Ryugu Kingdom - Citizens Jazz Drummer Blakey
8%
Whitebeard Pirates - Major Subordinate Captains Khopesh Blondie
8%
Kuja Pirates Small Blue Fan (Bluefan)
8%
Other Marine Officers G-5 Branch Unit 01 Bomba
8%
Alabasta Kingdom - Alubarna Palace Staff Tsumegeri Guards (Kicking Claw Force) Brahm
8%
Whitebeard Pirates - Other Subordinate Captains Arrow Brew
8%
Whitebeard Pirates - Other Subordinate Captains Large Woman Brocca
8%
Thriller Bark - Soldier/Surprise Zombies Pig's Head Buhichuck (Oinkchuck) (#298)
8%
Revolutionary Army Other Members Bunny Joe
8%
Water 7 - Sea Train Blue Station Manager Bushon
8%
Ohara Archaeologist Busshiri
8%
Former Slave Musician from Toroa Byron
8%
Marine Vice Admirals Attended a Meeting About Luffy Cancer
8%
Other Marine Officers Has a Pirate Twin Brother Candre (Kandre)
8%
Whitebeard Pirates - Other Subordinate Captains Giraffe Cands (Cans)
8%
Marine Rear Admirals GR 66 Marine Base Commander; Confronted the Straw Hats Catacombo
8%
Cocoyasi Village Gosa Boy Chabo
8%
Punk Hazard - Staff Centaur Patrol Unit, Centaurs Chappe
8%
Robin's Past Associates Pirate Captain Chesskippa (Chesskipper)
8%
Ancient Shandians Chieftain Chief Coburn
8%
Enies Lobby Three-Headed Judges Chief Justice And
8%
Ancient Shandians Pantri Chiya
8%
Former Foxy Pirates Super Sparrow Chuchun (Chirp Chirp)
8%
Island of Rare Animals Unique Fauna Cocox (Buckox)
8%
Whitebeard Pirates - Minor Subordinate Captains Feather in Hat Colscon
8%
Marine Vice Admirals Coffee Drinker Comil (Komille/Comille)
8%
World Government Official Corgi (Corgy)
8%
Whitebeard Pirates - Former Spade Pirates Purple Hair Cornelia
8%
Kuja Pirates Large Cosmos
8%
MONSTERS Conniving Swordsman Cyrano (Shirano)
8%
Water 7 - Franky Family Kairiki Destroyers (Mighty/Herculean Destroyers) Dago
8%
Ryugu Kingdom - Citizens Ryugu Kingdom - Ikaros' Childhood Friend Daidalos (Daedalus)
8%
Marine Commodores Impel Down; Guarded the Gates Daigin
8%
Legendary Figure Deep Sea Pirate Davy Jones
8%
Whitebeard Pirates - Major Subordinate Captains Twins Decalvan Brothers
8%
Whitebeard Pirates - Major Subordinate Captains Chartreuse Robe Delacuaji
8%
Goa Kingdom Goa Nobles - Mother Didit
8%
Impel Down - Prisoners Level 6: Eternal Hell Prisoners Dobby Ibadonbo
8%
Whitebeard Pirates - Former Spade Pirates Uses Boxing Gloves Dogya
8%
Impel Down - Prisoners Level 6: Eternal Hell Prisoners Doha Ittanka II (Howja Geddinthere II)
8%
Joke Characters Hidden Alien Domo-kun
8%
Former Foxy Pirates Mechanic Donovan
8%
Punk Hazard - Children Gigantification Experiments Doran (Dolan)
8%
Marine Vice Admirals One Piece Novel A Draw (Dorrow)
8%
Marines - Other Personnel Marine Naval Surgeon; Treated Koby Dr. Fishbonen
8%
Lvneel Kingdom Doctor Dr. Honner
8%
Fake Straw Hat Crew Sanji Drip (Gack)
8%
Water 7 Doctor Dr. Kyukyu (Dr. Firstaid)
8%
Impel Down - Staff Doctor Dr. Muchana (Dr. Notta Magician)
8%
Cocoyasi Village Doctor Dr. Nako
8%
Alabasta Kingdom - Other Citizens Desert Doctor Dr. Potsun
8%
Karakuri Island Scientist Dr. Tsukimi
8%
Island of Rare Animals Unique Fauna Duck-Poodle
8%
Whitebeard Pirates - Former Spade Pirates Shaggy Hair Ducky Bree
8%
Bellamy Pirates Navigator Eddy
8%
Shadow Victims Employer Egana (Ehgana)
8%
Whitebeard Pirates - Major Subordinate Captains Bejeweled Elmy
8%
Kuja Tribe Lady's Maid Enishida (Genista)
8%
Whitebeard Pirates - Crewmembers Turned Subordinate Captains Uses an Unnamed Caterpiller Devil Fruit Epoida
8%
Alabasta Kingdom - Rebel Army Rebel; From Suiren Erik (Eric)
8%
Alabasta Kingdom - Rebel Army Rebel Farafra (Falafra/Faracla)
8%
Punk Hazard - Staff Centaur Patrol Unit, Satyrs Fen Bock
8%
Ryugu Kingdom - Mermaid Café Frizzy Hair Fillonce (Fiyonce)
8%
Whitebeard Pirates - Former Spade Pirates Diminutive Finamore
8%
MONSTERS Restaurant Gérard Waitress Flare (Flair)
8%
Water 7 - Franky Family Kairiki Destroyers (Mighty/Herculean Destroyers) Footbianco
8%
Whitebeard Pirates - Minor Subordinate Captains Spiral Horns Forliewbs
8%
Impel Down - Prisoners Level 5.5: Newkama Land Francois
8%
Other Marine Officers G-5 Branch Gal
8%
East Blue Romance Dawn's Prototype Pirate Gally (Jolly/Gary)
8%
Whitebeard Pirates - Former Spade Pirates Longarm Tribe Ganryu
8%
Enies Lobby Waitress Gatherine
8%
The Moon Karakuri Automata General Galaxy
8%
Former Foxy Pirates Boxer George Mach
8%
Former Foxy Pirates Carpenter Gina
8%
Punk Hazard - Children Gigantification Experiments; Befriended Momonosuke Ginko
8%
Marine Commanders Buster Call; Boxing Glove
8%
God's Army Minor Priest Gode
8%
Shadow Victims Pirate Captain Goo
8%
Ohara Archaeologist Gram
8%
Whitebeard Pirates - Minor Subordinate Captains He is Pretty Great… Great Michael
8%
Bonney Pirates Former Fishmonger Gyogyo
8%
Thriller Bark - Soldier/Surprise Zombies Trio Gyoro
8%
Foosha Village Fishmonger Gyoru (Gyoll)
8%
Evil Black Drum Kingdom Animal Companion Hakowan (Boxer)
8%
New Fish-Man Pirates Combatant Hammond
8%
Whitebeard Pirates - Other Subordinate Captains Long Neck Hangan
8%
Water 7 Carpenter Happa Yamao
8%
Whitebeard Pirates - Other Subordinate Captains Joyful Firearm Happygun
8%
New World Pirate Captain; Crucified by Eustass Kid Haritsu Kendiyo (Victimothy Crucifixio)
8%
Alabasta Kingdom - Animals Moving Crab Hasami (Pincers/Scissors)
8%
Ukkari Hot-Spring Island Customer Transportation Hasami (Pincers/Scissors)
8%
Ancient Shandians Wife Herb
8%
Bellamy Pirates Chef Hewitt
8%
Thriller Bark - Wild Zombies Suit Hippo Gentleman (Hippo Gallant) (#28)
8%
Ryugu Kingdom - Mermaid Café Pink Hair Hiramera (Hiramela)
8%
Ohara Archaeologist Hocha
8%
Orange Town Pet Shop Owner Hocker
8%
Water 7 Delinquent Duo Hoichael
8%
Whitebeard Pirates - Former Spade Pirates Wields a Massive Gun Hublot
8%
Sabaody Archipelago Bartender Humphrey
8%
Krieg Pirates Combat Instructor Hustle
8%
Alabasta Kingdom - Alubarna Palace Staff Tsumegeri Guards (Kicking Claw Force) Hyota
8%
Punk Hazard - Staff Centaur Patrol Unit, Centaurs Hyoutauros
8%
Snow Sculptures Luffy's Drum Island Snow Sculpture Hyper Snowman-san
8%
Ancient Shandians Giant Snake "God" Child of Kashigami
8%
Krieg Pirates Staff Officer of Planning Ideaman
8%
Karakuri Island Citizen Kitton's Grandfather
8%
Thriller Bark - Wild Zombies Sanji's Shadow Inuppe (Dog Penguin)
8%
Loguetown Arms Shop Ipponume
8%
Water 7 Appraiser Ishigo Shitemanna (Verree Finework)
8%
Ryugu Kingdom - Mermaid Café Black Hair Ishilly
8%
Whitebeard Pirates - Crewmembers Turned Subordinate Captains Resembles a Walrus Islewan
8%
Former Foxy Pirates Commentator Itomimizu
8%
Thriller Bark - Soldier/Surprise Zombies Ambush Jack-in-the-Box (#256)
8%
Impel Down - Prisoners Level 1: Crimson Hell Prisoners Jean Goen (Dez Tinny)
8%
New Fish-Man Pirates Sea Urchin Armour Spine Squad Jean Noueilles (Captain Porcupinefish/Harisenbon)
8%
Other Marine Officers G-5 Branch Jero
8%
Authors Jaya - Logbook Author Jew Wall
8%
Jaya - Mock Town Jaya - Mock Town Drunkard Jobo
8%
World Government Judicial Ship Judge Jorge (George)
8%
Sabaody Archipelago Citizen Judy (Judi)
8%
Whitebeard Pirates - Minor Subordinate Captains Shoulder Cannons Julius
8%
Ryugu Kingdom - Citizens Criminal Brand; Cashier Junan
8%
Marine Rear Admirals G-2 Base Commander; Confronted Fisher Tiger Kadar
8%
Krieg Pirates Locksmith Kagikko (Keygan)
8%
Ryugu Kingdom - Mermaid Café Wide Face Kairen
8%
Bounty Hunters Sabaody Archipelago Kairiken
8%
Impel Down - Prisoners Level 5: Freezing Hell Prisoners Kairo Kureyo (Spara Heetpack)
8%
Arlong Pirates Shipwright Kaneshiro
8%
Robin's Past Associates Old Woman Kanezenny (Moneypenny)
8%
Alabasta Kingdom - Nanohana Shoeshine Boy Kappa
8%
Whitebeard Pirates - Major Subordinate Captains Octopus Fish-Man Karma
8%
Raijin Island Raijin Island Kasa
8%
New Fish-Man Pirates Crewmember Kasagoba (Kasagon)
8%
Ancient Shandians Giant Snake "God" Kashigami
8%
Alabasta Kingdom - Rebel Army Rebel Kebi
8%
Whitebeard Pirates - Minor Subordinate Captains Rides a Mount into Battle Kechatch
8%
Former Foxy Pirates Poached Captain of the Fanged Toad Pirates Kibagaeru
8%
Marine Commodores Marineford; Named Only in the Anime Kibin
8%
Water 7 - Franky Family Member Kiev
8%
Kuja Tribe Arena Combatant Kiku
8%
Kuja Tribe Stern Warrior Kikyo
8%
Whitebeard Pirates - Former Spade Pirates Looks Like a Chess Piece Kimel
8%
Whitebeard Pirates - Crewmembers Turned Subordinate Captains Hair Sticks Up Kinga
8%
Island of Rare Animals Unique Fauna Kirinkodanuki
8%
Punk Hazard - Staff Centaur Patrol Unit, Centaurs Kirintauros
8%
Karakuri Island Citizen Kitton
8%
Ship's Incarnation Spirit of the Going Merry Klabautermann
8%
Marines - Other Personnel Marine Chef, G-2 Branch; Mother Koda
8%
Punk Hazard - Children Gigantification Experiments Konbu (Kombu)
8%
Water 7 - Franky Family Member Kop (Kopp)
8%
Whitebeard Pirates - Former Spade Pirates Lynx Kotatsu
8%
Yes Pirates Loguetown Thug Koze
8%
Whitebeard Pirates - Former Spade Pirates Samurai Kukai
8%
SBS Former Assassin; CP9's Kumadori's Mother Kumadori Yamanbako
8%
SBS Perona's Pet Kumae (Kuma-A)
8%
Marines - Other Personnel Marine Chef, G-2 Branch; Father Kyuji
8%
Marine Vice Admirals Giant Squad Lacroix
8%
Former Slave Tactician Pirate Lacuba
8%
CP9 - Previous Generation Former Assassins - Father of Kalifa Laskey (Lasky)
8%
Whitebeard Pirates - Former Spade Pirates Trident User Leonero
8%
Marine Seaman First Class Baratie; Announced Don Krieg's Arrival Lines
8%
Island of Rare Animals Unique Fauna Lionbuta
8%
Fake Straw Hat Crew Former Recruit Lip Doughty
8%
Marine Vice Admirals Giant Squad Lonz
8%
Ryugu Kingdom - Mermaid Café Orange Hair Lulis
8%
Marine Ensigns Black Cage Corps Makko
8%
Bellamy Pirates Combatant Mani
8%
Shadow Victims Maid Margarita
8%
Skypiea Citizen Marilyn
8%
Pucci Mayor's Daughter Marumieta (Marmieta)
8%
Sea Floor Giant Octopus Mash
8%
Marine Chief Petty Officers Loguetown Mashikaku
8%
Whitebeard Pirates - Former Spade Pirates Officer; Doctor Masked Deuce
8%
Shandia Tribe Warrior Mayushika (Mayushka)
8%
Whitebeard Pirates - Major Subordinate Captains Lightning McGuy
8%
Ryugu Kingdom - Mermaid Café Blue Hair Mero (Mello)
8%
Water 7 Delinquent Duo Michael
8%
Whitebeard Pirates - Former Spade Pirates Officer; Sniper Mihar (Mihal)
8%
Big Helmet Pirates Captain Mikazuki
8%
Ryugu Kingdom - Citizens Jazz Trumpeter Miles
8%
Joke Characters Foosha Village; Carpenter Minatomo
8%
Ryugu Kingdom - Ryugu Palace Palace Staff Minister of the Left
8%
Ryugu Kingdom - Ryugu Palace Palace Staff Minister of the Right
8%
Bounty Hunters Sabaody Archipelago Minoruba
8%
Water 7 Bull Rental Salesman Mishoin Cashible
8%
Ohara Citizen - Robin's Cousin Mizuira
8%
Rumbar Pirates Mizuta Twin Mizuta Madaisuki (Mizuuta Madaisky)
8%
Rumbar Pirates Mizuta Twin Mizuta Mawaritosuki (Mizuuta Mawaritosky)
8%
Thriller Bark - Wild Zombies Tree MocDonald (McTreenald) (#115)
8%
Skypiea Citizen Mochi
8%
Baratie - Visitors Fullbody's Date Moodie (Moody)
8%
Syrup Village Mayor Mornin
8%
Skypiea Divine Squad Moyle
8%
Marine Vice Admirals Was Puppeteered by Doflamingo Mozambia
8%
Baroque Works - Millions Agents Whisky Peak Mr. Beans
8%
Baroque Works - Billions Agents Rebel Army Plant Mr. Love
8%
Baroque Works - Billions Agents Killed Mr. 11 Mr. Mellow
8%
Baratie - Visitors Gourmand Mr. Motzel
8%
Cactus Island Sapoten Graveyard Mr. Sacrifice
8%
Baroque Works - Millions Agents Whisky Peak Mr. Shimizu
8%
SBS Cocoyasi Village; Carpenter Mr. Teru (Tell)
8%
Alabasta Kingdom - Nanohana Spice Bean Mr. Yoshimoto
8%
Bellamy Pirates Doctor Muret (Mjure)
8%
Foolshout Island Mother Muti
8%
Alabasta Kingdom - Other Citizens Sand-Sand Clan Natto
8%
Kuja Tribe Researcher Nerine
8%
Robin's Past Associates Selfish Man Nigeratta (Abscondo)
8%
Whitebeard Pirates - Minor Subordinate Captains Name is an Ordinal Number Ninth
8%
Joke Characters Hidden Alien Nnke-kun
8%
Whitebeard Pirates - Minor Subordinate Captains Shades Nosgarl
8%
Black Cat Pirates Scapegoat Nugire Yainu (Snott Mee)
8%
Ryugu Kingdom - Citizens Gyoverly Hills Octopako
8%
Skypiea - Animals Cloud End Octopus Balloon
8%
Alabasta Kingdom - Rebel Army Rebel Okame
8%
Hokahoka Pirates First Mate Okome (Ryce)
8%
One Piece Novel A Boss of Port Chibaralta Island Oliva
8%
Whitebeard Pirates - Former Spade Pirates Large Robe Ossamondo (Ossamond)
8%
Water 7 - Franky Family Kairiki Destroyers (Mighty/Herculean Destroyers) Ottoland
8%
Yes Pirates Loguetown Thug Packy
8%
Whitebeard Pirates - Major Subordinate Captains Not Pandaman Palms
8%
Impel Down - Prisoners Other Prisoners Pankuta Dakeyan (Justy Tinbread)
8%
Kuja Tribe Arena Combatant Pansy
8%
Ryugu Kingdom - Citizens Reformed Robber Papaneel
8%
Former Slave Dancer Pascia (Pasia/Pashia)
8%
Whitebeard Pirates - Other Subordinate Captains Mafia Pavlik
8%
Namakura Island Cult Leader Pekkori
8%
Other Marine Officers G-5 Branch Pike
8%
East Blue Monstrous Bird Pinky
8%
Kuja Tribe Arena Combatant Poppy
8%
Orange Town Bookstore Owner Poro
8%
Bonney Pirates Former Fishmonger Potato
8%
Marine Commodores East Blue 77th Branch ; Ship Sunk by the Arlong Pirates Pudding Pudding (Purinpurin)
8%
Alabasta Kingdom - Nanohana Pirate Captain Puppu
8%
One Piece Novel A Pirate Captain Raccoon
8%
Giant Warrior Pirates Crewmember Raideen (Rydin)
8%
Whitebeard Pirates - Major Subordinate Captains Bladed Helmet Ramba
8%
Kuja Pirates Knowledgeable Ran
8%
Whitebeard Pirates - Minor Subordinate Captains Pork Pie Hat Reforte
8%
Sabaody Archipelago Reporter Reuder
8%
Kuja Pirates Sniper Rindo
8%
Ohara Archaeologist Rint (Lint)
8%
Marine Commanders Shells Town; Saluted Luffy & Zoro Ripper
8%
Thriller Bark - Wild Zombies Duo Risky Brothers
8%
Rolling Pirates Duo Risky Brothers
8%
Bellamy Pirates Sniper Rivers
8%
Ohara Archaeologist Roche (Roshu)
8%
Impel Down - Prisoners Level 5: Freezing Hell Prisoners Roche Tomson
8%
Ohara Citizen - Robin's Aunt Roji
8%
Marine Lieutenants Junior Grade East Blue 153rd Branch; Refused to Kill Rika Rokkaku
8%
Bellamy Pirates Combatant Ross
8%
Thriller Bark - Soldier/Surprise Zombies Floor Rug Bear
8%
Punk Hazard - Staff Centaur Patrol Unit, Centaurs Run (Lun)
8%
Whitebeard Pirates - Minor Subordinate Captains Horned Hat Rush
8%
Whitebeard Pirates - Former Spade Pirates Cowboy Hat Saber
8%
Celestial Dragons Holy Land Mary Geoise Saint Donquixote Shivercalero
8%
Celestial Dragons Goa Kingdom Visitor Saint Jalmack (Jalmac)
8%
Celestial Dragons Sabaody Archipelago Visitor Saint Shalria
8%
Kyuka Island Vacationer Samurai Batts
8%
Kenzan Island Longarm Tribe Scammer Sancrin (Thanklin)
8%
Loguetown Fishmonger Sapi (Sapee)
8%
Celestial Dragons Pet Saru (Salou/Saruu)
8%
Water 7 - Franky Family Member Schollzo
8%
Space Pirates Captain Seamars
8%
Ryugu Kingdom - Mermaid Café Brown Hair Seira
8%
Ancient Shandians Son-in-law Seto
8%
Torino Kingdom Tribesman Shanba (Shamba)
8%
Shandia Tribe Chieftain Shandia Chief
8%
Marine Chief Petty Officers Black Cage Corps Shine
8%
Kuja Tribe Arena Combatant Shion
8%
Arlong Pirates Head of Banquets Shioyaki (Saltgrill)
8%
Marine Rear Admirals Reported to Sengoku Sicily
8%
Whitebeard Pirates - Former Spade Pirates Officer Skull
8%
Skypiea - Animals Upper Yard Species Sky Sharks
8%
Whitebeard Pirates - Minor Subordinate Captains Sketch in a Databook Sleepy
8%
Snow Sculptures Luffy's Whisky Peak Snow Sculpture Snowman-san
8%
Snow Sculptures Usopp's Whisky Peak Snow Sculpture Snow Queen
8%
Former Foxy Pirates Mechanic Sonieh (Sonie)
8%
Jaya - Mock Town Tropical Hotel Owner Spector
8%
Skypiea - Animals Cloud Sea Transport Speedy Shrimp (Express Lobster)
8%
Ryugu Kingdom - Visitors Okama Twin Splash
8%
Ryugu Kingdom - Visitors Okama Twin Splatter (Splatta)
8%
Marine Lieutenants Junior Grade Suspicous of Boa Hancock Stalker
8%
Water 7 - Sea Train Blue Station Manager Stevie (Staybe)
8%
Skypiea - Animals Cloud Sea Transport Super-Express Speedy Shrimp (Special/Express Lobster)
8%
Buggy Pirates Trio Superhuman Domingos (Almighty Domingos)
8%
Arlong Pirates Commander of Parties Take
8%
Sakura Kingdom Sick Child Tamachibi
8%
Water 7 - Franky Family Member Tamagon
8%
Macro Pirates Crewmember Tansui
8%
Thriller Bark - General Zombies Spider Tararan (Taralan)
8%
Karakuri Island Animals Taroimo
8%
Whitebeard Pirates - Other Members Nurse Tate
8%
Revolutionary Army Intelligence Controller Terry Gilteo
8%
Kamabakka Kingdom Okama Tibany (Tibbany/Elizabeth)
8%
Buggy Pirates Trio Tightrope Walking Funan Bros (Tightrope Funan Boros)
8%
Ryugu Kingdom - Citizens Coral Hill Togare
8%
Long Ring Long Land Nomads Tonjil
8%
Long Ring Long Land Nomads Tonsfer
8%
Bonney Pirates Former Fishmonger Totts
8%
CP9 - Previous Generation Former Assassins Tsumonsieur Kamaya
8%
Impel Down - Prisoners Level 5.5: Newkama Land Tsunokkov (Antlerkov)
8%
Skypiea Ruler ("God") of 400 Years Ago Ubau
8%
Marine Seaman Recruits East Blue 153rd Branch; Dropped Morgan's Statue Ukkari (Carelesso)
8%
Alabasta Kingdom - Rainbase Rain Dinners' Assistant-Manager Ultraking
8%
Joke Characters Hidden Rival Unforgivable Mask (Yurusumaji Mask)
8%
Thriller Bark - Wild Zombies Unicorn Unigaro (#42)
8%
Island of Rare Animals Unique Fauna Usagihebi
8%
Impel Down - Prisoners Level 5.5: Newkama Land Usakkov (Bunkov)
8%
Punk Hazard - Children Gigantification Experiments Uzu
8%
Whitebeard Pirates - Minor Subordinate Captains Cyborg Vitan
8%
Whitebeard Pirates - Other Subordinate Captains Thin Moustache and Beard Wallem
8%
Thriller Bark - Soldier/Surprise Zombies Blockade Wall Zombie
8%
Shandia Tribe Warrior Warashi
8%
Authors Jaya - Mentioned-only Physicist Willie Gallon (Willy Karen)
8%
Pucci Manservant Yamenahare
8%
Marine Commodores G-5 Branch, Unit 06 Yarisugi
8%
Shandia Tribe Warrior Yotsubane
8%
Little Garden Giants' Flashback Yuki
8%
Skypiea Upper Yard Tresspasser Zabo
8%
Ohara Archaeologist Zadie (Zayde)
8%
Whitebeard Pirates - Major Subordinate Captains Unique Laugh Zodia
8%
Marine Lieutenants Told Momonga About Shanks Vs Kaido Zotto (Burr)
8%
Whitebeard Pirates - Other Subordinate Captains Werewolf-like Zucca (Zukka)
8%
Ryugu Kingdom - Citizens Child Fan of Otohime Zururin
8%
Marines - Other Personnel Bounty Photographer Attach (Atatchi)
4%
East Blue Almost Ate Buggy Big Bird
4%
Sea Kings Speaks to Poseidon Birdy (Bird Sea King)
4%
Impel Down - Animal Guards Beast Guards - Aquatic Blugori (Blue Gorillas)
4%
Little Garden Dinosaur Brontosaurus
4%
Blue Planet Animals; Messengers Carrier Bat
4%
Whitebeard Pirates - Minor Subordinate Captains Plumed Helmet Choi
4%
Skypiea - Animals Upper Yard Species Cloud Wolves
4%
Other Cipher Pol Cipher Pol Group - Tom Flashback CP5
4%
Long Ring Long Land Looong Fauna Daaachshund
4%
Ukkari Hot-Spring Island Digger Dirt Boss (Earth Boss)
4%
Skypiea Doomed Drifting Crew Eraser Pirates
4%
Alabasta Kingdom - Animals Baroque Works' Messengers Erimaki Runners (Lizard Runners)
4%
Sea Floor Underworld of the Sea; Animal Flatface Crabs (Faceless Crabs)
4%
Grand Line Fauna Ridden by the Rosy Life Riders Flying Fish
4%
Ukkari Hot-Spring Island Carpenter Forest Boss
4%
Alabasta Kingdom - Animals Crocodilian F-Wani (Accellegator)
4%
Figure on Belly Banknotes 10,000 Note Gaikotsu Yukichi (Skeleton Yukichi
4%
Thriller Bark - General Zombies Armour Ganzui (#889)
4%
Impel Down - Prisoners Level 5: Freezing Hell Prisoners George Black
4%
Sea Floor Goldfish Empire Goldfish Princess
4%
Sea Kings Speaks to Poseidon Googly (Bulge-Eyed Sea King)
4%
Sea Floor Headband Catfish Village Headband Catfish Village Elder
4%
Cactus Island Igaram's Dummies Henohenounchi
4%
Grand Line Fauna Put in the Thousand Sunny's Fish Tank Horn Shark
4%
Kuraigana Island Animals Humandrills
4%
Little Garden Giant Fish Island Eater
4%
Syrup Village Guards Tessle Company Guards (Mansion's Guards)
4%
Enies Lobby Jurors Just Eleven Jurymen (Guilty Jury)
4%
Little Garden Tropical Tick; Causes Five-Day Disease Kestia (Keschia)
4%
Alabasta Kingdom - Rainbase Trio of Bouncers Koala Mercenaries (Koala Gang)
4%
Figure on Belly Banknotes 5,000 Note Kumaguchi Ichiro (Bearmouth Ichiro)
4%
East Blue Cannibals Kumate Tribe (Bear Claw Tribe)
4%
Ryugu Kingdom - Animals Ryugu Palace Party Long Flounder
4%
Impel Down - Animal Guards Beast Guards - Pants Manticores
4%
Torino Kingdom Animals Masukeredomo Goayu Birds (Sayin Goabirds)
4%
Sea Kings Speaks to Poseidon Mottled (Spots/Spotted Sea King)
4%
Big Mom Pirates Homies Nitro
4%
Sea Floor Helped by Hachi Panda Shark
4%
Long Ring Long Land Looong Fauna Plaaatypus
4%
Impel Down - Animal Guards Beast Guards - Sting Puzzle Scorpions
4%
Water 7 Water 7 - Animals Rabuka Bulls
4%
Blue Planet Animal Group; Orchestra of the Sea Rainbow Moray Eel Brothers
4%
Grand Line Fauna Harpooned by Crocus Royal Squid
4%
Alabasta Kingdom - Animals Sandora River - Giant Fish Sandora Catfish
4%
Alabasta Kingdom - Animals Sandora Desert - Reptile Sandora Lizard (Sandora Dragon)
4%
Sea Kings Speaks to Poseidon Scales (Scaled Sea King)
4%
Sea Beast New Fish-Man Pirates Sea Bear
4%
Sea Beast Sea Floor Sea Boar
4%
Sea Beast Alabasta Sea Cat
4%
Sea Beast New Fish-Man Pirates Sea Elephant
4%
Sea Beast New Fish-Man Pirates Sea Giraffe
4%
Sea Beast New Fish-Man Pirates Sea Gorilla
4%
Sea Beast Boin Archipelago Sea Hippo
4%
Sea Beast New Fish-Man Pirates Sea Leopard
4%
Sea Beast New Fish-Man Pirates Sea Lion
4%
Sea Beast Long Ring Long Land Sea Monkey
4%
Sea Beast Punk Hazard Sea Owl
4%
Sea Beast Red Line Sea Rabbit
4%
Sea Beast Red Line Sea Raccoon
4%
Sea Beast New Fish-Man Pirates Sea Rhinoceros
4%
Sea Beast New Fish-Man Pirates Sea Squirrel
4%
Snow Sculptures Usopp's Drum Island Snow Sculpture Shirora
4%
Skypiea - Animals Cloud Sea Species Sky Fish
4%
Skypiea - Animals Upper Yard Species Sky Lamprey
4%
Sakura Kingdom - Animals Drum Island - Pulls Sleds Sled-Pulling Gnus
4%
Kuja Tribe Animal Companions; Bow & Arrows Snake Weapons
4%
Sakura Kingdom - Animals Drum Castle Snow Birds
4%
Long Ring Long Land Looong Fauna Snow Leooopard
4%
Impel Down - Animal Guards Beast Guards - Noodles Sphinx
4%
Punk Hazard - Other Animals; Central Lake Spotted Sharks
4%
SBS Whitebeard's Dog Stefan (Stephen)
4%
Sakura Kingdom Restaurant Owner Stool
4%
CP9 - Animal Companions Pet Chicken Suzume
4%
Illisia Kingdom Former King Thalassa Lucas
4%
Sea Kings Speaks to Poseidon Topknot (Topknot Sea King)
4%
Sea Kings Speaks to Poseidon Underbite (Chin/Long Jaw Sea King)
4%
Figure on Belly Banknotes 1,000 Note Usaguchi Hideo (Rabbitmouth Hideyo)
4%
Saruyama Alliance Divers Utan Divers
4%
Whitebeard Pirates - Former Spade Pirates Fish-Man Wallace
4%
Alabasta Kingdom - Animals Thieves Warusagi Birds (Evil Herons/Bilker Herons)
4%
Enies Lobby Dog-riding Guards Watchdog Unit of the Law (Hōbantai)
4%
Impel Down - Animal Guards Other Animal Guards Wolf Unit (Army Wolves)
4%
Water 7 Water 7 - Animals Yagara Bulls
4%
Kuja Pirates Animal Companions Yuda Snakes
4%
Tulip Pirates Captain Yurikah (Eureka)
4%
No matching quizzes found
Score Distribution
Percent of People with Each Score
Percentile by Number Answered
Your Score History
You have not taken this quiz since the last reset